Rǧimen Fiscal de la Enajenacin̤ de Acciones 2021

Detalles Bibliográficos
Autor principal: Luna Guerra, Antonio
Formato: eBook
Lenguaje:español
Publicado: Ciudad de Mx̌ico: Ediciones Fiscales ISEF, 2021
Materias:
Acceso en línea:Acceso restringido

MARC

LEADER 00000nam a22000007a 4500
005 20211012213110.0
007 cr|||| |||
008 211012s2021 mx |||||s|||| 00||0 spa d
020 |a 978-368-726-423-1 
035 |a 35245 
040 |a vLex 
090 |c 12522  |d 12522 
100 1 |a Luna Guerra, Antonio 
245 1 0 |a Rǧimen Fiscal de la Enajenacin̤ de Acciones 2021  |h [Recurso electrn̤ico] /  |c Antonio Luna Guerra 
256 |a Servicio en ln̕ea 
260 |a Ciudad de Mx̌ico:  |b Ediciones Fiscales ISEF,  |c 2021 
300 |a 1 recurso electrn̤ico 
500 |a La ENAJENACIÓN DE es un tema que tuvo modificaciones fiscales a partir del ejercicio 2002 debido a la reforma a la Ley del Impuesto Sobre la Renta, lo cual se ha venido ajustando mediante Resolucin̤ Miscelǹea. Este libro nos muestra algunos casos prc̀ticos de la manera en que se determina la ganancia en la enajenacin̤ de acciones para efectos de determinar el Impuesto Sobre la Renta. Su aplicacin̤ en la Ley del Impuesto al Valor Agregado, Cd̤igo Fiscal de la Federacin̤ y Resolucin̤ Miscelǹea. 
506 1 |a Disponible solo en los productos indicados  |d vLex Global  |d vLex Global (Academic Edition, excluding Law Schools)  |d vLex Global (U.S. Academic Edition, Law Schools)  |d vLex Global (U.S. Academic Edition, excluding Law Schools)  |d vLex Global (Academic Edition, Law Schools) 
650 0 4 |a Derecho Fiscal  |z Mx̌ico 
740 0 |a vLex Libros (Servicio en ln̕ea) 
856 4 0 |u https://app.vlex.com/#/sources/35245  |z Acceso restringido 
942 |c BOOK 
999 0 |a Tax Law